Протокол № 2 Заседания ЦИК Союза ССР 7-го созыва

Доступно только в Электронных читальных залах Найти на картеНа карте
RUSMARC
00004450nac2a22002893x 450
0018c626dce-0014-401c-a8cb-5b798a353edd
00520210716203300.0
100##$a20210612l1935 k y0rusy50 ca
1010#$arus
102##$aRU
105##$ay z |||||
1220#$ad19350208
2001#$aПротокол № 2 Заседания ЦИК Союза ССР 7-го созыва
$j08.02.1935
215##$a39 листов
251##$cДело
300##$aЗаголовок дела на папке: I-я сессия ЦИК Союза ССР VII-го созыва. Протокол № 2 Заседания Центрального исполнительного комитета Союза ССР VII-го созыва. 8-II-1935 года
300##$aОригинал
300##$aЧасть текста машинописная и рукописная, часть - напечатана типографским способом
330##$aВходит в раздел описи: VII-й Съезд Советов. 1-я Сессия ЦИК СССР
461#0$1001796d4672-8a00-4986-b488-6e42273792cc
$12001
$aЦЕНТРАЛЬНЫЙ ИСПОЛНИТЕЛЬНЫЙ КОМИТЕТ СССР (ЦИК СССР)
$1251
$cФонд
$1852
$j3316
$gР
462#0$10012246e4af-064a-4b66-b386-cae0ddb7fb2d
$12001
$aДела 7-го Съезда Советов и 1-й, 2-й, 3-й, 4-й Сессий 7-го созыва. 1935-1937 гг.
$vД. 85
$1251
$cОпись
$1852
$j7
5171#$aI-я сессия ЦИК Союза ССР VII-го созыва. Протокол № 2 Заседания Центрального исполнительного комитета Союза ССР VII-го созыва. 8-II-1935 года
60101$3RU\NLR\AUTH\880357276
$aСССР
$bЦИК
60102$3RU\NLR\AUTH\880399375
$aСССР
$bЦИК
$bСозыв
$c7
$bСессия
$d1
801#0$aRU
$bGA_RF
801#1$aRU
$bГлавНИВЦ
$c20210612
$2rusmarc
801#2$aRU
$bПБ им. Б.Н. Ельцина
$c20210716
$gRCR
$2rusmarc
852##$aГА РФ
$j85
937##$d166313125
$hГАРФ
035##$aRuPRLIB51060544
856##$uhttp://readingroom.main.prlib.ru/item.aspx?id_node=n166313125&mode=full
Формат отображения